Flag Quiz - Statistics

General Stats
  • This quiz has been taken 18 times
  • The average score is 10 of 16
Answer Stats
Picture Answer % Correct
Italy
100%
Albania
88%
Laos
88%
Thailand
81%
Brazil
69%
Angola
63%
Chile
63%
Macedonia
63%
Suriname
63%
Taiwan
63%
Uganda
63%
Malta
56%
Mongolia
56%
Oman
50%
Kuwait
44%
Kyrgystan
31%
No matching quizzes found
Score Distribution
Percent of People with Each Score
Percentile by Number Answered
Your Score History
You have not taken this quiz